| 000 | 00479nam a2200145 a 4500 | ||
|---|---|---|---|
| 001 | 000030466 | ||
| 005 | 20200930062328.0 | ||
| 008 | 110518s20uu dr a 000 0 spa d | ||
| 040 |
_aDO-SdBNP _bspa _cBNPHU |
||
| 110 | 1 |
_aRepública Dominicana _bJefatura de la Policia Nacional _957097 |
|
| 245 | 1 | 0 | _aManual de orientación para la seguridad ciudadana. |
| 260 |
_aSanto Domingo : _bJefatura de la Policia Nacional, _c[20--?]. |
||
| 300 |
_a[6 p.] : _bil. ; _c21 cm. |
||
| 049 | _aBNPD | ||
| 999 |
_c29958 _d29958 |
||